[Event "Stay Safe Play From Home 296"]
[Site "Emanuel Lasker Arena"]
[Date "2020.07.12"]
[Round "7"]
[White "Broken sword"]
[Black "Mepe_Nika"]
[Result "0-1"]
[WhiteElo "2460"]
[BlackElo "2377"]
[Annotator "TA"]
[PlyCount "144"]
[EventDate "2020.07.12"]
[EventType "swiss (blitz)"]

{[%evp 9,144,47,73,63,52,56,81,79,68,0,0,-14,0,-24,0,-5,4,9,27,-21,8,-82,6,0,48,44,52,47,47,43,61,54,55,17,17,0,29,-12,0,-26,-30,-27,10,-34,0,-29,25,24,39,0,0,-187,-97,-125,52,-36,-43,-37,-46,-155,-113,-202,-179,-346,-315,-289,0,-404,-352,-692,-568,-563,-506,-1204,-1047,-1470,-1473,-2398,-2166,-29972,-11752,-29986,-29987,-29987,-29988,-29988,-29989,-29991,-29990,-29990,-29991,-29993,-29994,-29994,-29988,-29988,-29989,-29990,-29990,-29991,-29991,-29991,-29991,-29994,-29991,-29994,-29991,-29991,-29992,-29992,-29993,-29993,-29991,-29991,-29991,-29992,-29992,-29993,-29988,-29993,-29991,-29994,-29992,-29994,-8,-29994,-29972,-29972,-29972,-29982,-29982,-29989,-29990,-29991,-29992,-29992,-29993]} 1. e4 e5 2. Nf3 Nc6 3. Bb5 Nf6 4. O-O d6 5. Re1 g6 6. h3 {C66: Ruy Lopez: Steinitz Defence.} Bg7 {[#]} 7. d4 $146 ({Predecessor:} 7. c3 O-O 8. d3 Be6 9. Bg5 Qd7 10. Bh4 a6 11. Ba4 b5 12. Bc2 a5 13. Ng5 {1-0 (35) Rossique Delmas,A-Lopez Herrero,I (1302) Madrid 2017}) 7... exd4 8. Nxd4 {White is better.} Bd7 9. Nc3 (9. Nxc6 $14 bxc6 10. e5 dxe5 11. Rxe5+ Kf8 12. Bd3) 9... O-O $11 10. Nde2 Re8 11. Bd3 Nb4 12. Bg5 Nxd3 13. cxd3 h6 14. Bh4 c6 15. Qd2 (15. f3 $11) 15... Qb6 (15... Nxe4 $1 $17 16. dxe4 Qxh4) 16. Rab1 Be6 17. Bxf6 Bxf6 18. Qxh6 Bg7 19. Qd2 Rad8 20. d4 c5 {[%cal Rc5d4]} 21. d5 Bd7 22. Red1 Qc7 23. f3 b5 {...b4 is the strong threat.} 24. Ng3 a5 (24... b4 $5 25. Nce2 $8 Bb5 $11) 25. Nce2 a4 26. Rbc1 Qb6 {[%mdl 1024] Black has compensation.} 27. Kh2 c4 (27... b4 $142) 28. a3 Rb8 29. Nd4 Qc5 30. Rb1 $2 {[#]} (30. Rc2 $11 {and White has nothing to worry.}) 30... Rec8 (30... b4 $1 $19 {[%cal Rb4a3]} 31. axb4 Rxb4) 31. Nc2 {[#]} Qb6 $2 (31... c3 $1 $17 {[%cal Rc3d2]} 32. bxc3 Qxc3) 32. Nb4 (32. Ne2 $1 $14) 32... c3 $1 $15 {[%cal Rc3d2]} 33. bxc3 Rxc3 34. Rdc1 (34. Ra1 $1 $15) 34... Rbc8 35. Rxc3 (35. Rc2 $17) 35... Rxc3 $19 36. Rc1 $2 (36. Rf1) 36... Rxa3 37. Nc6 Rb3 $2 ({Black should play} 37... Qe3 $19 38. Rc2 Qxd2 39. Rxd2 Bxc6 40. dxc6 Rc3) 38. Ne7+ $2 {[%mdl 8192]} (38. Qg5 $1 $11 {and White is okay.} Bxc6 39. dxc6) 38... Kf8 39. Nc8 $2 (39. Qg5 Qd8 40. Nxg6+ Ke8 41. Qh5) 39... Qe3 40. Qxe3 Rxe3 41. Nf1 (41. Rc7 $142 Bxc8 42. Rxc8+ Ke7 43. Rc7+ Ke8 44. Ra7) 41... Be5+ 42. Kg1 Rc3 43. Rxc3 Bxc3 44. Nxd6 {[%mdl 4096] Endgame KBB-KNN} a3 45. Ne3 a2 46. Nc2 b4 47. Nc4 b3 48. N4a3 bxc2 49. Nxc2 Ba4 50. Ne3 {[#]} Bd4 $1 51. Kf2 Bxe3+ 52. Kxe3 a1=Q 53. Kf4 Qb2 54. Kg3 Qe2 55. h4 Bb5 56. Kh2 Qf1 57. e5 Bc4 58. d6 Be6 59. Kg3 Bd7 60. Kf4 Qc4+ 61. Kg3 Qe6 62. f4 Qf5 63. Kf2 Qg4 64. g3 Qf5 65. Kf3 g5 66. g4 f6 $2 (66... Qd3+ {mates} 67. Kf2 gxf4 68. e6 fxe6 69. h5 Bb5 70. Kg2 Qg3+ {[%mdl 64] Double Attack} 71. Kh1 Bc6#) 67. Ke2 $2 {[%mdl 8192] Now White is beyond hope.} (67. gxf5 $11 gxh4 68. Kg4) 67... Bc6 {Black mates.} 68. gxf5 gxh4 69. exf6 h3 70. Ke3 h2 71. Kf2 h1=Q 72. Ke3 {[#]} Qd5 $1 {Accuracy: White = 36%, Black = 66%.} 0-1

[Event "Stay Safe Play From Home 296"]
[Site "Emanuel Lasker Arena"]
[Date "2020.07.12"]
[Round "7"]
[White "AChessPlayer"]
[Black "Buzaglo"]
[Result "1-0"]
[WhiteElo "2436"]
[BlackElo "1858"]
[Annotator "TA"]
[PlyCount "85"]
[EventDate "2020.07.12"]
[EventType "swiss (blitz)"]

{[%evp 14,84,17,14,35,28,41,40,26,27,26,18,78,88,268,293,445,81,116,103,652,642,632,636,788,593,764,427,614,509,591,576,571,547,660,650,654,623,643,637,760,758,731,720,29982,6466,29987,29987,29992,29990,29990,29991,29991,29992,29993,29994,29994,29995,29995,29996,29996,29996,29996,29997,29997,29997,29997,29998,29998,29999,29999,29999,29999]} 1. e4 e6 2. Nf3 d5 3. exd5 exd5 4. d4 Nf6 5. Bd3 c5 6. O-O c4 7. Re1+ Be7 8. Bf1 Be6 {[#] C01: French: Exchange Variation.} 9. b3 $146 ({Predecessor:} 9. c3 O-O 10. b3 Qc7 11. bxc4 dxc4 12. Ba3 Bxa3 13. Nxa3 Nbd7 14. Rb1 a6 15. Qc2 Rfe8 16. h3 {0-1 (33) Richard,A (1262)-Wenger,J (1835) IECC email 1999}) 9... cxb3 10. axb3 O-O {White is slightly better.} 11. c4 Nc6 12. Nc3 dxc4 (12... Bb4 $11 {remains equal.} 13. Bb2 a5) 13. bxc4 $16 {Strongly threatening d5.} Bd7 $2 {[#]} (13... Bg4 $16) 14. d5 $1 $18 Nb8 (14... Bb4 {might work better.}) 15. Nd4 $2 (15. d6 $18 {is the precise move to win.} Bxd6 16. Qxd6) 15... a6 16. Bf4 {Black must now prevent d6.} b5 $2 {[%mdl 8192]} (16... Bb4 $16 17. Qb3 a5) 17. d6 Bxd6 18. Bxd6 Re8 19. Rxe8+ Qxe8 20. c5 b4 (20... Nc6 $142 21. Nf3 Be6) 21. Nce2 Nc6 22. Nxc6 Bxc6 23. Nd4 Qe4 24. Nxc6 Qxc6 25. Be2 Ne4 26. Bf3 f5 27. Qb3+ {[%mdl 64] Double Attack} Kh8 28. Qxb4 Rf8 29. Bxf8 Qf6 30. Rd1 {White mates.} Ng5 31. c6 h6 32. c7 Nxf3+ 33. gxf3 Qg5+ 34. Kh1 Qh5 {[#]} 35. Qc3 $1 {[%csl Gf8][%cal Rc3g7]} Qf7 36. c8=Q Kh7 {[#]} 37. Bxg7 $1 {[%mdl 64] Back Rank} Qxg7 {[#]} 38. Rd7 $1 Qxd7 39. Qxd7+ Kg6 40. Qdg7+ Kh5 {[#]} 41. Qcf6 $1 {[%csl Gf6][%cal Rg7h6][%mdl 64] Double Attack} a5 42. Qxf5+ Kh4 43. Qgg4# {Accuracy: White = 67%, Black = 26%.} 1-0

[Event "Stay Safe Play From Home 296"]
[Site "Emanuel Lasker Arena"]
[Date "2020.07.12"]
[Round "7"]
[White "Physikus"]
[Black "SoulofWolf"]
[Result "0-1"]
[WhiteElo "2085"]
[BlackElo "2217"]
[Annotator "TA"]
[PlyCount "76"]
[EventDate "2020.07.12"]
[EventType "swiss (blitz)"]

{[%evp 9,76,8,62,40,48,44,62,38,134,71,151,158,172,176,215,87,235,207,192,202,205,117,132,157,179,143,233,179,167,186,181,153,178,185,306,326,290,0,343,348,346,-650,-689,-1299,-1261,-29989,-29990,-29990,-29984,-29992,-29993,-29994,-29995,-29995,-29993,-29996,-29991,-29991,-29992,-29994,-29995,-29997,-29994,-29994,-29995,-29996,-29996,-29996,-1354]} 1. e4 d5 2. exd5 Nf6 3. c4 c6 4. dxc6 Nxc6 5. Nc3 g6 (5... Bf5 $11) 6. h3 {B01: Scandinavian Defence.} Bg7 7. Nf3 {[#]} O-O $146 ({Predecessor:} 7... e5 8. d3 O-O 9. Bg5 Re8 10. Be2 Nd4 11. O-O b6 12. Nxd4 exd4 13. Nd5 Bb7 {1-0 (46) Cach,J (1697)-Kalista,R (1448) Czechia 2013}) 8. Be2 {White is slightly better.} Be6 (8... Ne8 $14) 9. O-O (9. d4 $142) 9... Na5 (9... Ne8 $142) 10. b3 $16 Rc8 11. Bb2 Nc6 12. Rc1 (12. d4 $18 {has better winning chances.}) 12... Nb4 (12... Ne4 $16) 13. a3 Nd3 14. Bxd3 $1 Qxd3 15. Ne1 (15. Nb5 $18) 15... Qd7 {[#]} 16. d4 $1 Rfd8 17. Nf3 h6 (17... b5 $16) 18. d5 Bxh3 19. gxh3 Qxh3 20. Nh2 e6 21. Qf3 Qh4 (21... Qxf3 {is a better defense.} 22. Nxf3 exd5) 22. dxe6 $18 fxe6 {intending ...Rc5.} 23. Nb5 $2 ({Don't do} 23. Qxb7 $6 Nh5 $18) ({Better is} 23. Ne2 $18) 23... Rf8 $2 {[%mdl 8192]} (23... Rc5 $1 $11 24. Rfd1 (24. Qxb7 $2 Rh5 $19) 24... Rg5+ 25. Kh1 (25. Kf1 $2 Rf8 $19) 25... Rxd1+ 26. Rxd1 Rh5) 24. Qxb7 Rc5 25. Kh1 $4 {[%mdl 8192] [#]} ({Wrong is} 25. Nxa7 $2 Rh5 $19) (25. f4 $18) 25... Rh5 $1 $19 {[%csl Gh5][%cal Rh4h2]} 26. Qg2 {[#] aiming for f3.} Ng4 $1 {[%cal Rg4h2][%mdl 576] Discovered Attack} 27. f3 Nxh2 {Black mates.} 28. Kg1 Nxf1 29. Bxg7 Ne3 30. Bxf8 Nxg2 31. Kxg2 Rg5+ 32. Kf1 Qh1+ 33. Ke2 Qxc1 34. Bc5 Rg2+ 35. Kd3 {[#]} Qd1+ $1 36. Ke4 Re2+ 37. Kf4 Qd2+ 38. Kg4 Qg5+ {[%mdl 64] Double Attack. Accuracy: White = 46%, Black = 58%.} 0-1

[Event "Stay Safe Play From Home 296"]
[Site "Emanuel Lasker Arena"]
[Date "2020.07.12"]
[Round "7"]
[White "Psj008"]
[Black "Klasman"]
[Result "1-0"]
[WhiteElo "1692"]
[BlackElo "1327"]
[Annotator "NA"]
[PlyCount "45"]
[EventDate "2020.07.12"]
[EventType "swiss (blitz)"]

1. d4 {[%emt 0:00:02]} f5 {[%emt 0:00:02]} 2. c4 {[%emt 0:00:01]} Nf6 {[%emt 0:00:01]} 3. Nc3 {[%emt 0:00:00]} e6 {[%emt 0:00:01]} 4. Qc2 {[%emt 0:00:00]} d5 {[%emt 0:00:01]} 5. cxd5 {[%emt 0:00:03]} exd5 {[%emt 0:00:02]} 6. e3 {[%emt 0:00:01]} c6 {[%emt 0:00:01]} 7. Bd3 {[%emt 0:00:01]} Ne4 {[%emt 0:00:02]} 8. Nf3 {[%emt 0:00:01]} Bb4 {[%emt 0:00:03]} 9. O-O {[%emt 0:00:01]} Bxc3 {[%emt 0:00:02]} 10. bxc3 {[%emt 0:00:00]} Nd7 {[%emt 0:00:02]} 11. Ba3 {[%emt 0:00:01]} Ndf6 {[%emt 0:00:03]} 12. c4 {[%emt 0:00:02]} Kf7 {[%emt 0:00:08]} 13. Ne5+ {[%emt 0:00:03]} Ke6 {[%emt 0:00:06]} 14. Rab1 {[%emt 0:00:01]} Ng4 {[%emt 0:00:05]} 15. h3 {[%emt 0:00:10]} Nxe5 {[%emt 0:00:03]} 16. dxe5 {[%emt 0:00:00]} Kxe5 {[%emt 0:00:01]} 17. cxd5 {[%emt 0:00:02]} cxd5 {[%emt 0:00:03]} 18. Bb2+ {[%emt 0:00:02]} Ke6 {[%emt 0:00:03]} 19. f3 {[%emt 0:00:02]} Ng3 {[%emt 0:00:02]} 20. Rfe1 {[%emt 0:00:02]} Qg5 {[%emt 0:00:03]} 21. e4 {[%emt 0:00:02]} fxe4 {[%emt 0:00:02]} 22. fxe4 {[%emt 0:00:02]} Nxe4 {[%emt 0:00:02]} 23. Bxe4 {[%emt 0:00:00] Time (Lag: Av=0.70s, max=1.3s)} 1-0

[Event "Stay Safe Play From Home 296"]
[Site "Emanuel Lasker Arena"]
[Date "2020.07.12"]
[Round "7"]
[White "Trotsky"]
[Black "sadbat1122"]
[Result "1-0"]
[WhiteElo "1571"]
[BlackElo "1305"]
[Annotator "NA"]
[PlyCount "47"]
[EventDate "2020.07.12"]
[EventType "swiss (blitz)"]

1. d4 {[%emt 0:00:01]} e6 {[%emt 0:00:01]} 2. e3 {[%emt 0:00:01]} d5 {[%emt 0:00:01]} 3. c4 {[%emt 0:00:00]} c6 {[%emt 0:00:02]} 4. Nc3 {[%emt 0:00:01]} g6 {[%emt 0:00:01]} 5. Nf3 {[%emt 0:00:01]} Bg7 {[%emt 0:00:01]} 6. Bd3 {[%emt 0:00:01]} Ne7 {[%emt 0:00:02]} 7. c5 {[%emt 0:00:00]} b6 {[%emt 0:00:02]} 8. Qc2 {[%emt 0:00:01]} bxc5 {[%emt 0:00:03]} 9. h4 {[%emt 0:00:01]} cxd4 {[%emt 0:00:02]} 10. exd4 {[%emt 0:00:01]} Nf5 {[%emt 0:00:03]} 11. Be3 {[%emt 0:00:01]} Nxe3 {[%emt 0:00:03]} 12. fxe3 {[%emt 0:00:01]} Qf6 {[%emt 0:00:04]} 13. O-O-O {[%emt 0:00:03]} Bd7 {[%emt 0:00:02]} 14. g4 {[%emt 0:00:01]} Qxf3 {[%emt 0:00:04]} 15. Rdf1 {[%emt 0:00:02]} Qxe3+ {[%emt 0:00:01]} 16. Kb1 {[%emt 0:00:01]} Qxd4 {[%emt 0:00:01]} 17. h5 {[%emt 0:00:04]} c5 {[%emt 0:00:04]} 18. hxg6 {[%emt 0:00:01]} hxg6 {[%emt 0:00:02]} 19. Rxh8+ {[%emt 0:00:04]} Bxh8 {[%emt 0:00:02]} 20. Bxg6 {[%emt 0:00:01]} Nc6 {[%emt 0:00:13]} 21. Bxf7+ {[%emt 0:00:03]} Kd8 {[%emt 0:00:02]} 22. Bg6 {[%emt 0:00:06]} Kc8 {[%emt 0:00:02]} 23. Rf8+ {[%emt 0:00:01]} Kb7 {[%emt 0:00:01]} 24. Qb3+ {[%emt 0:00:01] Time (Lag: Av=0.76s, max=0.9s)} 1-0

[Event "Stay Safe Play From Home 296"]
[Site "Emanuel Lasker Arena"]
[Date "2020.07.12"]
[Round "7"]
[White "W Nelles"]
[Black "Klausen"]
[Result "0-1"]
[WhiteElo "1094"]
[BlackElo "1783"]
[Annotator "NA RC"]
[PlyCount "46"]
[EventDate "2020.07.12"]
[EventType "swiss (blitz)"]

1. e4 {[%emt 0:00:02]} e6 {[%emt 0:00:01]} 2. Nf3 {[%emt 0:00:01]} d5 {[%emt 0:00:01]} 3. exd5 {[%emt 0:00:01]} exd5 {[%emt 0:00:01]} 4. Qe2+ {[%emt 0:00:01]} Be7 {[%emt 0:00:01]} 5. Nc3 {[%emt 0:00:01]} Nf6 {[%emt 0:00:01]} 6. d3 {[%emt 0:00:01]} O-O {[%emt 0:00:02]} 7. Bg5 {[%emt 0:00:02]} c6 {[%emt 0:00:01]} 8. O-O-O {[%emt 0:00:01]} Bg4 {[%emt 0:00:02]} 9. Re1 {[%emt 0:00:01]} Bb4 {[%emt 0:00:02]} 10. a3 {[%emt 0:00:03]} Bxc3 {[%emt 0:00:02]} 11. bxc3 {[%emt 0:00:01]} Nbd7 {[%emt 0:00:01]} 12. h3 {[%emt 0:00:01]} Bh5 {[%emt 0:00:02]} 13. g4 {[%emt 0:00:01]} Bg6 {[%emt 0:00:01]} 14. Qd2 {[%emt 0:00:01]} Qa5 {[%emt 0:00:02]} 15. Kb2 {[%emt 0:00:04]} Nc5 {[%emt 0:00:03]} 16. c4 {[%emt 0:00:04]} Na4+ {[%emt 0:00:03]} 17. Ka2 {[%emt 0:00:02]} Nc3+ {[%emt 0:00:08]} 18. Kb2 {[%emt 0:00:07]} Na4+ {[%emt 0:00:03]} 19. Ka2 {[%emt 0:00:01]} Qa6 {[%emt 0:00:03]} 20. Rb1 {[%emt 0:00:03]} dxc4 {[%emt 0:00:03]} 21. Qb4 {[%emt 0:00:03]} Nd5 {[%emt 0:00:03]} 22. Qxc4 {[%emt 0:00:03]} Nac3+ {[%emt 0:00:02]} 23. Ka1 {[%emt 0:00:06]} Qxa3+ {[%emt 0:00:02] Zeit (Lag: Av=0.51s, max=0.7s)} 0-1

[Event "Stay Safe Play From Home 296"]
[Site "Emanuel Lasker Arena"]
[Date "2020.07.12"]
[Round "8"]
[White "Broken sword"]
[Black "Psj008"]
[Result "1-0"]
[WhiteElo "2439"]
[BlackElo "1703"]
[Annotator "NA"]
[PlyCount "49"]
[EventDate "2020.07.12"]
[EventType "swiss (blitz)"]

1. e4 {[%emt 0:00:01]} c5 {[%emt 0:00:01]} 2. Nf3 {[%emt 0:00:01]} Nc6 {[%emt 0:00:01]} 3. d4 {[%emt 0:00:00]} cxd4 {[%emt 0:00:01]} 4. Nxd4 {[%emt 0:00:00]} e6 {[%emt 0:00:01]} 5. Nc3 {[%emt 0:00:01]} a6 {[%emt 0:00:01]} 6. a3 {[%emt 0:00:01]} Qc7 {[%emt 0:00:01]} 7. Be3 {[%emt 0:00:01]} b5 {[%emt 0:00:03]} 8. f4 {[%emt 0:00:01]} Bb7 {[%emt 0:00:01]} 9. Bd3 {[%emt 0:00:01]} g6 {[%emt 0:00:02]} 10. O-O {[%emt 0:00:01]} Bg7 {[%emt 0:00:00]} 11. e5 {[%emt 0:00:00]} Nge7 {[%emt 0:00:02]} 12. Ne4 {[%emt 0:00:01]} Nxd4 {[%emt 0:00:02]} 13. Nd6+ {[%emt 0:00:01]} Kf8 {[%emt 0:00:02]} 14. Bxd4 {[%emt 0:00:01]} Nf5 {[%emt 0:00:01]} 15. Bxf5 {[%emt 0:00:01]} gxf5 {[%emt 0:00:00]} 16. Qd2 {[%emt 0:00:01]} Bd5 {[%emt 0:00:01]} 17. b3 {[%emt 0:00:01]} Ke7 {[%emt 0:00:02]} 18. Rac1 {[%emt 0:00:01]} Qc6 {[%emt 0:00:01]} 19. c4 {[%emt 0:00:01]} Be4 {[%emt 0:00:03]} 20. cxb5 {[%emt 0:00:01]} Qd5 {[%emt 0:00:03]} 21. Rfd1 {[%emt 0:00:02]} Qxb3 {[%emt 0:00:02]} 22. Bc5 {[%emt 0:00:03]} Rhe8 {[%emt 0:00:14]} 23. Nxe4+ {[%emt 0:00:01]} Kd8 {[%emt 0:00:01]} 24. Bb6+ {[%emt 0:00:02]} Ke7 {[%emt 0:00:02]} 25. Qd6# {[%emt 0:00:01] (Lag: Av=0.64s, max=1.1s)} 1-0

[Event "Stay Safe Play From Home 296"]
[Site "Emanuel Lasker Arena"]
[Date "2020.07.12"]
[Round "8"]
[White "Mepe_Nika"]
[Black "Konmos"]
[Result "1-0"]
[WhiteElo "2398"]
[BlackElo "1782"]
[Annotator "TA"]
[PlyCount "65"]
[EventDate "2020.07.12"]
[EventType "swiss (blitz)"]

{[%evp 9,65,9,32,13,21,17,12,-10,-6,0,42,8,21,36,144,45,151,130,224,213,212,220,218,114,106,0,0,-164,-172,-186,-185,-804,-188,-167,-160,-158,-85,-102,-89,-88,-67,-63,-87,-1071,-53,-45,0,-458,-419,-378,0,0,0,0,54,68,128,-12841]} 1. d4 e5 2. dxe5 Nc6 3. g3 Nxe5 4. Bg2 {[#]} h5 $146 ({Predecessor:} 4... Nf6 5. Nc3 Bc5 6. Na4 Be7 7. Bf4 Ng6 8. Be3 O-O 9. c4 c6 10. Nc3 Bb4 {½-½ (37) Milanovic,D (2455)-Khegay,D (2528) chess.com INT 2020}) 5. h4 Be7 6. Bf4 {A40: Unusual replies to 1 d4.} Ng6 7. Bd2 c6 8. Nf3 {The position is equal.} d5 9. c4 Bg4 10. cxd5 Qxd5 11. O-O O-O-O (11... Nf6 $14) 12. Nc3 (12. Qa4 $1 $16) 12... Qd6 ({Better is} 12... Qf5 $14) 13. Ne4 $1 $16 {[%cal Re4d6]} Qd5 (13... Qc7 $16) 14. Qa4 $1 $18 {[%cal Ra4a7]} Bxf3 15. Bxf3 f5 16. Ba5 (16. Rad1 $18 Qd4 17. Qc2 fxe4 18. Bxe4) 16... fxe4 $16 17. Bxd8 (17. Bxe4 $16 Qe6 18. Bxd8 Bxd8 19. Bxg6) 17... exf3 $11 18. Bxe7 $2 (18. Rad1 $11 Qe5 19. Bxe7 N8xe7 20. exf3) 18... fxe2 $19 ({Weaker is} 18... N6xe7 19. Rfd1 $11) 19. Rfe1 N8xe7 20. Qxa7 $2 {[#]} (20. Rxe2 Rd8 21. Qb3) 20... Qf3 $2 (20... Nxh4 $1 {[%mdl 512]} 21. gxh4 Rh6) 21. Qa8+ Kc7 22. Qa5+ {[#]} Kb8 (22... b6 $142 $1 {[%cal Rb6a5]} 23. Qc3 Qe4) 23. Qd2 $17 {[#]} Nxh4 $1 {[%mdl 512]} 24. gxh4 Qg4+ {[%mdl 64] Double Attack} 25. Kh2 Qxh4+ {[%mdl 64] Double Attack} 26. Kg2 $2 {[%mdl 8192]} (26. Kg1 $17) 26... Qg4+ $2 (26... Nd5 $19 27. Rxe2 Nf4+ 28. Qxf4+ Qxf4) 27. Kh2 $15 Nd5 {( -> ...Nf4)} 28. Qd3 $2 {[%mdl 8192]} (28. Qxe2 $11 {and White stays safe.} Qh4+ 29. Kg1) 28... Nf4 {[%csl Gf4][%cal Rg4g2]} (28... Qh4+ $2 29. Kg1 $19) 29. Qg3 Qf5 $2 (29... Re8 $19 30. Qxg4 hxg4) 30. Rxe2 $1 $11 {And now Re7 would win.} h4 31. Qf3 Rf8 (31... g5 $11 32. Rae1 g4 33. Re8+ Rxe8 34. Rxe8+ Kc7) 32. Re4 Qg5 ({Black should play} 32... g5 $14) 33. Qxf4+ $4 {[%mdl 40960] Accuracy: White = 55%, Black = 43%. . Loss on time!?} (33. Rae1 $16) 1-0

[Event "Stay Safe Play From Home 296"]
[Site "Emanuel Lasker Arena"]
[Date "2020.07.12"]
[Round "8"]
[White "Buzaglo"]
[Black "SoulofWolf"]
[Result "1-0"]
[WhiteElo "1857"]
[BlackElo "2228"]
[Annotator "TA"]
[PlyCount "119"]
[EventDate "2020.07.12"]
[EventType "swiss (blitz)"]

{[%evp 9,119,30,31,35,35,29,41,34,101,96,113,94,103,87,90,80,101,74,147,147,160,43,225,169,387,353,329,166,183,123,616,623,682,669,796,565,617,431,432,438,429,416,428,97,361,201,166,63,65,28,117,118,126,36,191,0,25,0,42,37,150,-52,2,0,408,408,370,138,782,-48,326,-53,-53,-65,-5,-62,-12,-94,-8,-72,-8,-57,0,-39,-8,-23,-8,-76,10,0,5157,-8,0,-69,0,0,0,-14,0,-9,5057,-714,958,872,1538,913,29976,29972,29984,29985,29989,22]} 1. d4 e6 2. Nf3 c5 3. g3 Nf6 4. Bg2 Be7 5. O-O O-O 6. dxc5 {A46: 1 d4 Nf6 2 Nf3 e6: Torre, London and Colle Systems.} Bxc5 7. c4 {[#]} a6 $146 ({Predecessor:} 7... d5 8. cxd5 Qxd5 9. Qc2 Qf5 10. e4 Nxe4 11. g4 Qd5 12. Ng5 f5 13. Nc3 Qe5 14. Ncxe4 fxe4 15. Bxe4 h6 {1-0 (30) Polaczek,R (2411)-Carpenter,M (2103) England 2016}) 8. Nc3 {White is slightly better.} Ba7 (8... Nc6 $14) 9. e4 $16 d6 10. e5 dxe5 11. Qxd8 Rxd8 12. Nxe5 Nbd7 13. Bf4 Nf8 (13... Nxe5 $142 14. Bxe5 Ng4) 14. Rad1 $36 {[%mdl 2048] White is on the roll.} Re8 15. Ne4 (15. Rfe1 $16) 15... Nh5 $2 (15... Nxe4 $1 $14 16. Bxe4 f6) 16. Nd6 Rd8 $2 (16... Nxf4 17. Nxe8 Nxg2) 17. Nexf7 Rd7 18. Ng5 (18. Be3 $142) 18... h6 19. Nge4 (19. Nxc8 $18 {Threatens to win with Rxd7.} Nxf4 20. Rxd7 (20. gxf4 Rxc8 21. Rxd7 Nxd7 $16) 20... Nxd7 21. Bxb7 (21. gxf4 Rxc8 22. Nxe6 Kf7 $16) 21... Ne2+ 22. Kg2) 19... g5 $2 {[%mdl 8192]} (19... Nxf4 $16 20. gxf4 Ng6) 20. Be3 $18 Bxe3 21. fxe3 Rb8 22. Nc5 Rd8 23. Ndxb7 Rxd1 24. Rxd1 Bxb7 25. Nxb7 ({Don't play} 25. Bxb7 Nf6 $18) 25... Ng7 26. Nc5 $2 (26. b4 $18) 26... Kf7 $2 {[%mdl 8192]} (26... Rxb2 $16 {might work better.} 27. Nd3 Rxa2) 27. Nxa6 (27. b3 $142) 27... Rxb2 28. Nc5 (28. Rf1+ $18 Ke7 29. c5) 28... Rxa2 29. Nd3 {With the idea Ne5+.} Ra3 (29... Nf5 $11 30. Ne5+ Kg7) 30. Ne5+ $16 Kf6 31. Nc6 (31. Ng4+ $16 Ke7 32. Nxh6) 31... Rxe3 $2 (31... Nf5 $1 $14) 32. Nd4 $2 (32. Rf1+ $1 $18 Nf5 33. g4 {[%mdl 64] Pin}) 32... Ra3 33. Nb5 Ra2 34. c5 Nf5 (34... Rc2 $14) 35. Nd6 $2 (35. c6 $1 $16) 35... Rc2 (35... Rxg2+ $15 36. Kxg2 Ne3+ {[%mdl 64] Double Attack} 37. Kf3 Nxd1) 36. Nxf5 Kxf5 $2 $11 {[%mdl 12288] Endgame KRB-KRN} (36... exf5 $11 {and Black is okay.} 37. Rd6+ Ke7) 37. Rf1+ $18 Ke5 38. c6 $2 (38. Rxf8 $18 {and the rest is easy. aiming for c6.} Rxc5 39. Rh8) 38... Rxc6 $2 {[%mdl 8192]} (38... Ng6 $16) 39. h3 $2 (39. Bxc6 $18 Nh7 40. Bd7) 39... Rd6 $2 {[%mdl 8192]} (39... Rc8 $15 {stays ahead.}) 40. Bf3 $2 (40. Rxf8 $18 {And now Rh8 would win.} Rb6 41. Rh8) 40... Nd7 $15 41. Bg2 Kd4 (41... Ra6 $15) 42. h4 ({White should try} 42. Rd1+ $11 Ke5 43. Re1+ Kf6 44. Rf1+ Ke5 45. Re1+ Kf6 46. Kf2) 42... Kc5 43. h5 (43. Rc1+ $11 Kd4 44. hxg5 hxg5 45. Rd1+ Ke5 46. Rxd6 Kxd6 47. Kf2) 43... g4 (43... Rb6 $17 44. Rf3 Rb1+ 45. Kh2 Rb2) 44. Rc1+ (44. Rf4 $11 {remains equal.}) 44... Kb5 (44... Kd4 $1 $17) 45. Rb1+ Ka6 ({Black should play} 45... Kc4 $15) 46. Kh2 Rb6 47. Ra1+ Kb5 48. Rd1 {[#]} (48. Rc1 $11) 48... Nc5 (48... Nf6 $1 $17 49. Rd8 Nxh5) 49. Rb1+ Nb3 $2 {[%mdl 8192]} (49... Ka5 $11 50. Ra1+ Kb4) 50. Re1 $2 (50. Rxb3+ $18 Kc5 51. Rxb6 Kxb6 {[#]} 52. Bh3 $1 {[%mdl 512]}) 50... Kb4 51. Re5 (51. Re4+ $11 Kc3 52. Rxg4) 51... Rb5 (51... Nd2 $1 $15) 52. Re4+ Ka3 53. Bf1 Rc5 54. Bc4 Rxc4 $4 $11 {[%mdl 8192] KRN-KR} (54... Nd2 $11 55. Re3+ Kb4) 55. Re3 $4 {[%mdl 8192]} (55. Rxc4 $18 Nd2 56. Rxg4) 55... Rc3 $4 {[%mdl 8192]} (55... Rc5 $19 56. Rxe6 Rxh5+ 57. Kg1 Rh3) 56. Rxc3 $18 Kb2 57. Re3 Nd2 58. Rxe6 {White mates.} Nf1+ {[#]} 59. Kg2 $1 Nxg3 60. Kg1 $2 {[%mdl 32768] Accuracy: White = 28%, Black = 22%. . Sensor Board Error (Ke4/e5)?} (60. Kxg3 {mates} Kc3 61. Rxh6 Kd3 62. Rg6 Ke4 63. h6 Kf5 64. Rd6 Ke4 65. h7) 1-0